000 00429nam a2200169Ia 4500
005 20250423100128.0
008 250422s9999 xx 000 0 und d
020 _a9782312541125
050 _aQA 401 .P76/
100 _aProaki G. John
245 0 _aMathematical modelling
260 _a New York
260 _bRoutledge
260 _c2022
650 _aMathematical models. Mathematics--Study and teaching.
942 _cBK
999 _c32368
_d32368